Estadísticas para Uruguay Presidentes/Presidents

Haz click aquí para intentar la prueba.

Estadísticas generales

  • Esta prueba ha sido intentada 102 veces
  • La puntuación promedio es 37 de 72

Estadísticas de respuestas

HintRespuesta% Correcto
2020-2025Partido NacionalLuis Lacalle Pou
95%
2010-2015Frente AmplioJose Mujica
94%
2015-2020Frente AmplioTabare Vazquez
92%
2005-2010Frente AmplioTabare Vazquez
92%
1985-1990Partido ColoradoJulio Maria Sanguinetti
86%
1995-2000Partido ColoradoJulio Maria Sanguinetti
86%
1990-1995Partido NacionalLuis Alberto Lacalle
86%
2000-2005Partido ColoradoJorge Batlle
85%
1830-1834Partido ColoradoFructuoso Rivera
82%
1839-1843Partido ColoradoFructuoso Rivera
82%
1899Partido ColoradoJose Batlle y Ordóñez
77%
1911-1915Partido ColoradoJose Batlle y Ordóñez
77%
1903-1907Partido ColoradoJose Batlle y Ordóñez
77%
1835-1838Partido NacionalManuel Oribe
72%
1843-1852Partido ColoradoManuel Oribe
72%
1967-1971Partido ColoradoJorge Pacheco Areco
71%
1971-1976Partido ColoradoJuan Maria Bordaberry
71%
1981-1985MilitarGregorio Alvarez
68%
1931-1938Partido ColoradoGabriel Terra
66%
1868-1872Partido ColoradoLorenzo Batlle
66%
1955-1956Partido Colorado: Luis Batlle Berres
63%
1947-1951Partido ColoradoLuis Batlle Berres
63%
1894-1897Partido ColoradoJuan Idiarte Borda
58%
1876-1880Partido ColoradoLorenzo Latorre
57%
1886Partido ColoradoMaximo Santos
55%
1882-1886Partido ColoradoMáximo Santos
55%
1886-1890Partido ColoradoMaximo Tajes
55%
1853-1855Partido ColoradoVenancio Flores
55%
1865-1868Partido ColoradoVenancio Flores
55%
1938-1943Partido ColoradoAlfredo Baldomir
51%
1967Partido ColoradoOscar Gestido
51%
1919-1923Partido ColoradoBaltasar Brum
49%
1947Partido ColoradoTomas Berreta
49%
1976-1981MilitarAparicio Mendez
48%
1907-1911Partido ColoradoClaudio Williman
48%
1927-1931Partido ColoradoJuan Campisteguy
43%
1976MilitarAlberto Demicheli
42%
1915-1919Partido ColoradoFeliciano Viera
42%
1868Partido ColoradoPedro Varela
42%
1875-1876Partido ColoradoPedro Varela
42%
1951-1952Partido ColoradoAndres Martinez Trueba
40%
1952-1955Partido ColoradoAndres Martinez Trueba
40%
1961-1962Partido NacionalBenito Nardone
40%
1860-1864Partido NacionalBernardo Prudencio Berro
40%
1852Partido NacionalBernardo Prudencio Berro
40%
1899-1903Partido ColoradoJuan Lindolfo Cuestas
40%
1897-1899Partido ColoradoJuan Lindolfo Cuestas
40%
1962-1963Partido NacionalEduardo Víctor Haedo
38%
1873-1875Partido ColoradoJose Eugenio Ellauri
38%
1923-1927Partido ColoradoJose Serrato
38%
1855Partido ConservadorLuis Lamas
37%
1872-1873Partido ColoradoTomás Gomensoro
37%
1966-1967Partido NacionalWashington Beltran
37%
1856-1860Partido ColoradoGabriel Antonio Pereira
35%
1838-1839Partido ColoradoGabriel Antonio Pereira
35%
1943-1947Partido ColoradoJuan Jose De Amezaga
35%
1886Partido ColoradoFrancisco Antonino Vidal Silva
34%
1880-1882Partido ColoradoFrancisco Antonino Vidal Silva
34%
1890-1894Partido ColoradoJulio Herrera y Obes
34%
1985MilitarRafael Addiego Bruno
34%
1834-1835Partido ColoradoCarlos Anaya
31%
1964-1965Partido NacionalDaniel Fernandez Crespo
31%
1965-1966Partido NacionalLuis Giannattasio
31%
1959-1960Partido NacionalMartín Echegoyen
31%
1963-1964Partido NacionalFaustino Harrison
29%
1957-1958Partido ColoradoArturo Lezama
28%
1864-1865Partido NacionalAtanasio Cruz Aguirre
28%
1958-1959Partido ColoradoCarlos Fischer
28%
1894Partido ColoradoDuncan Stewart
28%
1852-1853Partido NacionalJuan Francisco Giro
28%
1855-1856Partido ColoradoManuel Basilio Bustamante
28%
1956-1957Partido ColoradoAlberto Fermin Zubiria
26%

Distribución de puntuación

Porcentaje por número respondido

Porcentaje de gente con cada puntuación

Historial de tus puntuaciones

No has intentado esta prueba.